<?xml version="1.0" encoding="UTF-8"?>
<record
    xmlns:xsi="http://www.w3.org/2001/XMLSchema-instance"
    xsi:schemaLocation="http://www.loc.gov/MARC21/slim http://www.loc.gov/standards/marcxml/schema/MARC21slim.xsd"
    xmlns="http://www.loc.gov/MARC21/slim">

  <leader>01697    a2200181   4500</leader>
  <controlfield tag="003">Nust</controlfield>
  <controlfield tag="005">20221231155737.0</controlfield>
  <datafield tag="010" ind1=" " ind2=" ">
    <subfield code="a">   96001588 </subfield>
  </datafield>
  <datafield tag="040" ind1=" " ind2=" ">
    <subfield code="c">Nust</subfield>
  </datafield>
  <datafield tag="082" ind1=" " ind2=" ">
    <subfield code="a">621.399,AUT</subfield>
  </datafield>
  <datafield tag="100" ind1=" " ind2=" ">
    <subfield code="a">Chin-Hui Lee</subfield>
    <subfield code="9">106578</subfield>
  </datafield>
  <datafield tag="245" ind1=" " ind2=" ">
    <subfield code="a">Automatic Speech and Speaker Recognition </subfield>
    <subfield code="b">advanced topics /</subfield>
  </datafield>
  <datafield tag="260" ind1=" " ind2=" ">
    <subfield code="a">Boston</subfield>
    <subfield code="b">Kluwer academic publishers</subfield>
    <subfield code="c">1996.</subfield>
  </datafield>
  <datafield tag="300" ind1=" " ind2=" ">
    <subfield code="a">517p</subfield>
  </datafield>
  <datafield tag="505" ind1=" " ind2=" ">
    <subfield code="a">An Overview of Automatic Speech Recognition (Page-1), An Overview of Speaker Recognition Technology (Page-31), Maximum Mutual Information  Estimation of Hidden Markov Models(Page-83), Statistical and Discriminative Methods for Speech Recognition (Page-109), Context Dependent Vector Quantization for Speech Recognition (Page-133), Hidden Markov Network for Precise Acoustic Modeling (Page-159), From HMMS To Segment Models : Stochastic Modeling for CSR(Page-211), The Use of Recurrent Networks in Continuous Speech Recognition (Page-233), Hybrid Connections Models for Continuous Speech Recognition (Page-285), World Spotting Extracting Partial Information from Continuous Utterances (Page-303), Spectral Dynamic for Speech Recognition under Adverse Conditions (Page-331), Single Processing for Robust Speech Recognition (Page-357), Dynamic Programming Search: From Digit Strings to Large Vocabulary World Graphs (Page-385), Fast Matching Techniques (Page-413), Multiple Pass Search Vocabulary (Page-429), Issues in Practical Large Vocabulary Isolated World Recognition : The IBM  Isolated World Recognition The IBM Tagore Systems (Page-457), From Sphinx &#x2013;II to Whisper Making Speech Recognition Usable (Page-481).</subfield>
  </datafield>
  <datafield tag="650" ind1=" " ind2=" ">
    <subfield code="a">Automatic Speech and Speaker Recognition </subfield>
    <subfield code="9">106579</subfield>
  </datafield>
  <datafield tag="942" ind1=" " ind2=" ">
    <subfield code="2">ddc</subfield>
    <subfield code="c">BK</subfield>
  </datafield>
  <datafield tag="999" ind1=" " ind2=" ">
    <subfield code="c">194277</subfield>
    <subfield code="d">194277</subfield>
  </datafield>
  <datafield tag="952" ind1=" " ind2=" ">
    <subfield code="0">0</subfield>
    <subfield code="1">0</subfield>
    <subfield code="2">ddc</subfield>
    <subfield code="4">0</subfield>
    <subfield code="7">0</subfield>
    <subfield code="a">MCS</subfield>
    <subfield code="b">MCS</subfield>
    <subfield code="c">GEN</subfield>
    <subfield code="d">2016-12-12</subfield>
    <subfield code="l">1</subfield>
    <subfield code="o">621.399,AUT</subfield>
    <subfield code="p">MCS5760</subfield>
    <subfield code="r">2022-10-10</subfield>
    <subfield code="s">2022-09-28</subfield>
    <subfield code="w">2016-12-12</subfield>
    <subfield code="y">BK</subfield>
    <subfield code="z">Almirah No.40, Shelf No.6</subfield>
  </datafield>
</record>
